[Event "21st Iraklios Athens Challenge 2018"]
[Site "Athens"]
[Date "2018.06.24"]
[Round "9"]
[White "Drazic, Sinisa"]
[Black "Skaperdas, Kostantinos"]
[Result "1/2-1/2"]
[WhiteElo "2410"]
[BlackElo "2211"]
[Annotator "TA"]
[PlyCount "95"]
[EventDate "2018.06.16"]
[EventType "swiss"]
[EventCountry "GRE"]
[SourceTitle "playchess.com"]
[Source "ChessBase"]
[SourceQuality "1"]

{[%evp 9,95,-7,-2,0,5,0,7,-16,14,-69,-60,-107,-75,-66,-42,-66,-75,-88,-89,-103,-98,-97,-75,-66,-65,-118,-89,-111,-91,-87,-77,-87,-95,-84,-93,-95,-93,-89,-93,-109,-106,-106,-106,-106,-104,-91,-76,-130,0,0,0,0,0,0,0,0,0,0,8,8,42,0,0,0,0,-8,0,0,0,-8,-8,-26,-8,-8,-8,-8,-8,-8,-8,-8,-8,-8,-8,-8,-8,-8,-8,-8]} 1. b3 d6 2. d4 (2. Bb2 Nd7 3. e4 Ngf6 4. Nc3 g6 5. g4 Bg7 6. Qe2 c6 7. Bg2 Nc5 8. h3 Ne6 9. O-O-O h5 10. g5 Nxg5 {0-1 (39) Rapport,R (2709)-Ivanchuk,V (2731) Jurmala 2015}) 2... g6 3. e4 Bg7 4. c3 Nf6 $146 ({Predecessor:} 4... Nc6 5. Bb5 a6 6. Bxc6+ bxc6 7. h3 Nf6 8. Nd2 O-O 9. e5 Nd5 {0-1 (38) Sacikara,M-Kayiran,D Konya 2017}) 5. Nd2 O-O 6. Ngf3 {A01: Nimzowitsch-Larsen Opening} Nc6 7. Bd3 e5 8. O-O Nh5 {[%cal Re5d4]} 9. Bb2 ({Better is} 9. d5 $11 Ne7 10. Bc2) 9... Nf4 $15 10. Bb5 exd4 11. cxd4 Nb4 12. Bc3 a6 13. Bc4 c5 $1 14. Bxb4 cxb4 15. Re1 b5 16. Bf1 Qb6 17. e5 ({White should play} 17. a4 $15) 17... dxe5 $17 18. Nxe5 Qxd4 19. Ndf3 Qxd1 20. Raxd1 Bb7 21. Rd7 Rab8 22. g3 {[#]} Ne6 $1 23. Bg2 Nc5 24. Rc7 Rbc8 25. Rxc8 Rxc8 26. Nd4 Bxg2 27. Kxg2 Re8 28. Ndc6 {[#]} (28. f4 $142) 28... Bxe5 ({Black should try} 28... Re6 $1 $17 {Threatens to win with ...f6.} 29. Rc1 Bxe5 30. Rxc5 Bc3) 29. Rxe5 $11 Rxe5 30. Nxe5 $17 {[%mdl 4096] Endgame KN-KN} a5 31. Nc6 Nd3 32. Nxa5 Nc1 33. Kf3 Nxa2 34. Ke4 Kg7 35. Kd3 Kf6 36. Nc6 h5 37. h4 g5 38. hxg5+ Kxg5 39. Nd4 Kg4 40. Ke2 f5 {Strongly threatening ...f4.} 41. Kf1 {The position is equal.} f4 42. Kg2 fxg3 43. fxg3 Nc3 44. Kh2 Ne4 45. Nxb5 Nxg3 46. Nd4 Nf1+ 47. Kg2 Ne3+ 48. Kh2 {Precision: White = 56%, Black = 62%.} 1/2-1/2

[Event "21st Iraklios Athens Challenge 2018"]
[Site "Athens"]
[Date "2018.06.24"]
[Round "9"]
[White "Papadopoulos, Georgios"]
[Black "Tilicheev, Viacheslav"]
[Result "1-0"]
[WhiteElo "2301"]
[BlackElo "2513"]
[Annotator "TA"]
[PlyCount "81"]
[EventDate "2018.06.16"]
[EventType "swiss"]
[EventCountry "GRE"]
[SourceTitle "playchess.com"]
[Source "ChessBase"]
[SourceQuality "1"]

{[%evp 19,81,-37,7,7,14,0,6,0,0,0,72,81,81,77,97,59,89,95,135,36,37,12,16,0,22,13,18,0,116,0,375,366,461,443,515,509,518,517,505,495,883,457,511,539,516,471,984,338,359,356,349,364,321,316,29973,29974,29962,29965,29963,29956,29987,29988,29988,29989]} 1. d4 Nf6 2. Bf4 d5 3. e3 e6 4. Nf3 c5 5. c3 Nc6 6. Nbd2 Bd6 7. Bg3 O-O 8. Bd3 b6 9. e4 {D02: 1 d4 d5 2 Nf3 sidelines, including 2...Nf6 3 g3 and 2...Nf6 3 Bf4} Be7 10. e5 Nd7 {LiveBook: 3 Games} (10... Nh5 11. Nf1 cxd4 12. Nxd4 Nxd4 13. cxd4 g6 14. Ne3 f5 15. exf6 Bxf6 16. Be2 Nxg3 17. hxg3 {½-½ (37) Nakamura,H (2787)-Svidler,P (2760) Moscow 2018}) 11. h4 {Strongly threatening Bxh7+!The position is equal.} h6 12. a3 a5 13. Qe2 Bb7 14. Bf4 $146 ({Predecessor:} 14. h5 c4 15. Bc2 b5 16. Bf4 b4 {1-0 (38) Schirbel,A-Wittal,W DESC email 2005}) 14... Re8 (14... Qc8 $11 {keeps the balance.}) 15. Rh3 $16 {[%cal Bh1h3,Bh3g3,Bg3g6][%mdl 32]} f5 16. Qe3 Bf8 17. Rg3 Kh7 18. h5 Ba6 19. Bxa6 ({White should play} 19. Rg6 $1 $16) 19... Rxa6 $14 20. Rg6 {next Qd3 is good for White.} b5 $1 21. Bg5 Ne7 22. Bxe7 Bxe7 23. g4 $36 {[%mdl 2048] White has good play.} Rf8 (23... fxg4 $1 $11 {remains equal.} 24. Rxg4 Kh8) 24. Ke2 ({White should try} 24. O-O-O $16) 24... c4 $2 {[%mdl 8192] [#]} (24... fxg4 $1 $11 25. Rxg4 c4) 25. Qf4 $1 $18 Rf7 26. Rg1 Qf8 27. gxf5 Rxf5 28. Qg4 {[%cal Rg6g7]} Bg5 29. Nxg5+ hxg5 (29... Rxg5 $142 30. Rxg5 hxg5) 30. Rxg5 Rxg5 31. Qxg5 Qf7 32. Nf3 {Black must now prevent Qd8.} Nf8 (32... Ra7 $142 33. Qg4 Kh8) 33. Rg4 $2 (33. h6 g6 34. Qd8 Kxh6 35. Ng5) 33... Ra7 34. Rf4 Qe8 35. Rxf8 Qxf8 {[%mdl 4096] Endgame KQR-KQN} 36. Qg6+ Kg8 $2 {[#]} (36... Kh8 $18 37. Ng5 (37. Qxe6 Qf7 $16) 37... Qg8 38. Nxe6 (38. Qxe6 Qxe6 39. Nxe6 Rf7 $16) 38... Qf7) 37. Ng5 $1 {[%csl Gg5][%cal Rg6h7] White mates.} Qf5 38. Qe8+ Qf8 39. Qxe6+ Kh8 40. Qg6 {[%csl Gg5][%cal Rg6h7]} Qg8 41. e6 {Precision: White = 57%, Black = 37%.} 1-0

[Event "21st Iraklios Athens Challenge 2018"]
[Site "Athens"]
[Date "2018.06.24"]
[Round "9"]
[White "Gazis, Efstathios"]
[Black "Spyropoulos, Nikolaos"]
[Result "0-1"]
[WhiteElo "2203"]
[BlackElo "2224"]
[Annotator "NA"]
[PlyCount "104"]
[EventDate "2018.06.16"]
[EventType "swiss"]
[EventCountry "GRE"]
[SourceTitle "playchess.com"]
[Source "ChessBase"]
[SourceQuality "1"]
[TimeControl "5400+30"]

1. Nf3 Nf6 2. c4 e6 3. b3 d5 4. Bb2 Nbd7 5. g3 c6 6. Bg2 Bd6 7. O-O O-O 8. Nc3 Rb8 9. d3 Qe7 10. cxd5 exd5 11. Nd4 Ne5 12. a3 a5 13. Qc2 Bd7 14. e3 Rbc8 15. Rfe1 Bb8 16. Nf3 Nxf3+ 17. Bxf3 Rfe8 18. Na4 Bf5 19. Qc3 Qd8 20. b4 Be5 21. Qb3 Bxb2 22. Nxb2 Qb6 23. d4 Ne4 24. Red1 Ra8 25. Be2 Qd8 26. b5 Qf6 27. Nd3 Ng5 28. Ra2 Be4 29. f4 Nh3+ 30. Kf1 h5 31. Bxh5 Qf5 32. Be2 Ng5 33. Nf2 Nh7 34. Bg4 Qg6 35. bxc6 bxc6 36. Rc1 Rab8 37. Qa4 Nf6 38. Rxc6 Bb1 39. Rd2 Rxe3 40. Kg2 Be4+ 41. Kf1 Nxg4 42. Rxg6 Nxh2+ 43. Kg1 Nf3+ 44. Kg2 Nxd2+ 45. Nxe4 Nxe4 46. Rg4 Rb2+ 47. Kh3 Nf2+ 48. Kh4 Rb1 49. Qxa5 Rh1+ 50. Kg5 Ne4+ 51. Kf5 Nd6+ 52. Kg5 f6+ 0-1